| 000 | 00919cam a22001934a 4500 | ||
|---|---|---|---|
| 005 | 20250605164337.0 | ||
| 008 | 250528s ||||||||||||||||||||||||d | ||
| 035 | _a23485 | ||
| 040 |
_aGR-AtMCL _bgre _dGR-AtMCL _eAACR2 |
||
| 245 | 1 | _aOnline University Administration Office Management System | |
| 260 | _c2016 | ||
| 300 | _a37 | ||
| 520 | _aAcknowledgements, Abstract, Table of Figures, Introduction, Aims and Objectives, Deliverables, Literature Review, The Need for an Online University Management System, What Work Already Exists, Programming Knowledge, Methodology, Development Environment and Languages, Software Development Methods, Backend Code, Results, Login and Session Mechamism, Main Page Functionalities, Conclusion, Summary, Evaluation, Foture Work, References. | ||
| 700 | 1 |
_aLyras Nikolaos _99049 |
|
| 700 | 1 |
_aMatzouranis Dimitris _99051 |
|
| 942 | _cDS | ||
| 999 |
_c8495 _d8495 |
||